Πόλεις της Μακεδονίας - Ξαφνικός Θάνατος - Statistics

General Stats
  • This quiz has been taken 55 times
  • The average score is 14 of 21
Answers on the Grid
Answers color-coded by a green-red scale on the quiz's grid according to % correct below.
Άμφισσα
Αμύνταιο
Βεργίνα
Βέροια
Γιαννιτσά
Γρεβενά
Δράμα
Έδεσσα
Ελασσόνα
Εύοσμος
Ηγουμενίτσα
Θέρμη
Θεσσαλονίκη
Καβάλα
Καλάβρυτα
Καλαμαριά
Καλαμπάκα
Καρδίτσα
Καστοριά
Κατερίνη
Κιλκίς
Κοζάνη
Λαμία
Μέτσοβο
Ναύπλιο
Πάργα
Πάτρα
Πέλλα
Περαία
Πτολεμαΐδα
Σιάτιστα
Τρίκαλα
Τρίπολη
Τύρναβος
Φλώρινα
Χαλκίδα
 
Answer Stats
Answer % Correct
Βέροια
96%
Δράμα
83%
Έδεσσα
83%
Γρεβενά
78%
Θεσσαλονίκη
78%
Κοζάνη
78%
Καβάλα
74%
Καστοριά
74%
Βεργίνα
70%
Κατερίνη
70%
Κιλκίς
70%
Καλαμαριά
65%
Πέλλα
65%
Φλώρινα
65%
Γιαννιτσά
61%
Εύοσμος
61%
Περαία
61%
Αμύνταιο
57%
Πτολεμαΐδα
57%
Θέρμη
52%
Σιάτιστα
52%
No matching quizzes found
Score Distribution
Percent of People with Each Score
Percentile by Number Answered
Your Score History
You have not taken this quiz